| 000 | 00548nam a22001937a 4500 | ||
|---|---|---|---|
| 003 | KOHA_MİRAKIL | ||
| 005 | 20251221154347.0 | ||
| 008 | 251221b tu ||||| |||| 00| 0 tur d | ||
| 020 | _a9786051140353 | ||
| 040 |
_aTR-AnABB _btur _cTR-AnABB |
||
| 041 | _atur | ||
| 082 |
_a956.101543092 _bMEH 2009 |
||
| 100 | 1 | _aMehmet Şakir Bey | |
| 245 | 1 | 0 |
_aHalife II. Abdülhamid'in Hac Siyaseti / _cMehmet Şakir Bey |
| 260 |
_aİstanbul : _bTimaş Yayınları, _c2009 |
||
| 300 |
_a364 sayfa ; _c21 cm |
||
| 650 | 0 | 4 | _aTarih |
| 942 |
_2ddc _cBK |
||
| 999 |
_c9856 _d9856 |
||
| 900 | _bGizem YORULMAZ | ||